000 00416nam a2200157 i 4500
001 66184
003 ES-MaACL
005 20230906165548.0
007 t|
008 040128s1949 xxu ||||1| eng d
100 1 _aGaither, Frances.
_953271
245 1 0 _aDouble muscadine /
_cFrances Gaither.
260 _aNew York :
_bThe MacMillan,
_c1949.
300 _a335 p. ;
_c22 cm.
852 _aES-MaACL
_jC-25129
_bR.54064
999 _c66184
_d66184